[Event "Mittelfranken-chTB2b 1819"]
[Site "Mittelfranken"]
[Date "2019.03.31"]
[Round "8.1"]
[White "Balhar, Michael"]
[Black "Boehme, Markus"]
[Result "1/2-1/2"]
[WhiteElo "1773"]
[BlackElo "2088"]
[PlyCount "65"]
[EventDate "2018.10.14"]
[EventType "team-tourn"]
[EventRounds "9"]
[EventCountry "GER"]
[SourceTitle "EXT 2022"]
[Source "ChessBase"]
[SourceDate "2021.10.06"]
[SourceVersion "1"]
[SourceVersionDate "2021.10.06"]
[SourceQuality "1"]
[WhiteTeam "Erlangen SC IV"]
[BlackTeam "Uttenreuth"]
[WhiteTeamCountry "GER"]
[BlackTeamCountry "GER"]

1. e4 Nf6 2. e5 Nd5 3. d4 d6 4. c4 Nb6 5. exd6 cxd6 6. Nc3 g6 7. h3 Bg7 8. Nf3 0-0 9. Be3 Nc6 10. Rc1 Bf5 11. Be2 d5 12. c5 Nc4 13. Nxd5 Nxe3 14. Nxe3 Nxd4 15. Nxf5 Qa5+ 16. Qd2 Qxd2+ 17. Nxd2 gxf5 18. Bc4 a5 19. Bd5 Nc6 20. Nc4 Nb4 21. Bxb7 Ra7 22. c6 Nd3+ 23. Ke2 Nxc1+ 24. Rxc1 a4 25. Rd1 Rb8 26. Rd7 Bf8 27. Nb6 Kg7 28. Nc8 Ra5 29. Kd3 Rc5 30. b4 axb3 31. axb3 Rxc8 32. Bxc8 Rxc6 33. Bb7 1/2-1/2

[Event "Mittelfranken-ch HT 67th"]
[Site "Nuremberg"]
[Date "2018.03.30"]
[Round "7"]
[White "Balhar, Michael"]
[Black "Braun, Kristin"]
[Result "1/2-1/2"]
[WhiteElo "1791"]
[BlackElo "1844"]
[PlyCount "98"]
[EventDate "2018.03.27"]
[EventType "swiss"]
[EventRounds "9"]
[EventCountry "GER"]
[SourceTitle "EXT 2020"]
[Source "ChessBase"]
[SourceDate "2019.10.17"]
[SourceVersion "1"]
[SourceVersionDate "2019.10.17"]
[SourceQuality "1"]

1. e4 c5 2. Nf3 d6 3. Bb5+ Bd7 4. Bxd7+ Qxd7 5. 0-0 Nf6 6. Re1 Nc6 7. c3 e6 8. d4 cxd4 9. cxd4 d5 10. exd5 Nxd5 11. Nc3 Be7 12. Qb3 Nb6 13. Ne5 Qxd4 14. Nxc6 bxc6 15. Be3 Qd8 16. Rac1 0-0 17. Ne4 Qc7 18. Bc5 Bxc5 19. Rxc5 Nd7 20. Rg5 h6 21. Rg3 Qb6 22. Qc3 f6 23. Rd1 Rad8 24. h3 Kh8 25. Rd6 Ne5 26. Rxe6 Qd4 27. Qxd4 Rxd4 28. Re7 Rf7 29. Re8+ Kh7 30. Nc5 Rd1+ 31. Kh2 Rd2 32. Ne6 Ng6 33. Nd8 Re7 34. Rxe7 Nxe7 35. Re3 Nd5 36. Ra3 Nb4 37. Ne6 Re2 38. Nd4 Rxb2 39. Rxa7 Nxa2 40. Ne6 Rxf2 41. Rxg7+ Kh8 42. Rc7 Nb4 43. Nd8 Rc2 44. Kg3 c5 45. Nf7+ Kg7 46. Ne5+ Kg8 47. Nd7 Nd5 48. Rxc5 Rxc5 49. Nxc5 Kf7 1/2-1/2

[Event "Mittelfranken-ch HT 67th"]
[Site "Nuremberg"]
[Date "2018.03.27"]
[Round "1"]
[White "Balhar, Michael"]
[Black "Boehme, Markus"]
[Result "0-1"]
[WhiteElo "1791"]
[BlackElo "2045"]
[PlyCount "84"]
[EventDate "2018.03.27"]
[EventType "swiss"]
[EventRounds "9"]
[EventCountry "GER"]
[SourceTitle "EXT 2020"]
[Source "ChessBase"]
[SourceDate "2019.10.17"]
[SourceVersion "1"]
[SourceVersionDate "2019.10.17"]
[SourceQuality "1"]

1. e4 g6 2. d4 Bg7 3. f4 d6 4. Nf3 Nf6 5. Nc3 c5 6. dxc5 Qa5 7. Bd3 Qxc5 8. Qe2 Nc6 9. a3 0-0 10. Be3 Qa5 11. 0-0 Bg4 12. h3 Bxf3 13. Rxf3 Nd7 14. Nd1 Nd4 15. Bxd4 Bxd4+ 16. Kh1 Qb6 17. Rb1 Bg7 18. b4 a5 19. Ne3 axb4 20. Rxb4 Qd8 21. Rxb7 Nc5 22. Rb5 Ne6 23. c3 Bxc3 24. Nc2 Qc7 25. Bc4 Bg7 26. Bd5 Ra7 27. Bxe6 fxe6 28. g3 Rc8 29. Nb4 Qc1+ 30. Kg2 Rxa3 31. Rxa3 Qxa3 32. e5 Rc3 33. Nc2 Qa2 34. Nd4 Qa8+ 35. Kh2 Rc1 36. Qg2 Qa4 37. Qb2 Qd1 38. Rb8+ Kf7 39. Qg2 Qxd4 40. exd6 Qxd6 41. Rb3 Qd1 42. Rf3 Bd4 0-1

[Event "Mittelfranken-ch QT 66th"]
[Site "Uttenreuth"]
[Date "2017.04.13"]
[Round "4"]
[White "Balhar, Michael"]
[Black "Holl, Manfred"]
[Result "1/2-1/2"]
[WhiteElo "1791"]
[BlackElo "2109"]
[PlyCount "41"]
[EventDate "2017.04.12"]
[EventType "swiss"]
[EventRounds "7"]
[EventCountry "GER"]
[SourceTitle "EXT 2020"]
[Source "ChessBase"]
[SourceDate "2019.10.17"]
[SourceVersion "1"]
[SourceVersionDate "2019.10.17"]
[SourceQuality "1"]

1. e4 c5 2. Nf3 Nc6 3. Bb5 g6 4. 0-0 Bg7 5. c3 a6 6. Bxc6 bxc6 7. d4 cxd4 8. cxd4 Nf6 9. Nc3 Rb8 10. b3 0-0 11. e5 Nd5 12. Nxd5 cxd5 13. Bf4 e6 14. Qd2 Rb6 15. Bh6 f6 16. Rac1 Bxh6 17. Qxh6 Bb7 18. exf6 Qxf6 19. Ne5 Qe7 20. Rc7 Bc6 21. Rc1 1/2-1/2

[Event "Heusenstamm Sparkassen op-A 3rd"]
[Site "Heusenstamm"]
[Date "2016.11.27"]
[Round "3"]
[White "Altenbernd, Dirk"]
[Black "Balhar, Michael"]
[Result "1/2-1/2"]
[WhiteElo "1902"]
[BlackElo "1758"]
[PlyCount "41"]
[EventDate "2016.11.24"]
[EventType "swiss"]
[EventRounds "7"]
[EventCountry "GER"]
[SourceTitle "EXT 2018"]
[Source "ChessBase"]
[SourceDate "2017.10.13"]
[SourceVersion "1"]
[SourceVersionDate "2017.10.13"]
[SourceQuality "1"]

1. c4 Nf6 2. g3 g6 3. Bg2 c5 4. Nc3 Bg7 5. e3 e5 6. Nge2 0-0 7. 0-0 Nc6 8. d4 exd4 9. exd4 d6 10. h3 Bd7 11. Be3 Qc8 12. Kh2 Ne7 13. Rc1 Bc6 14. d5 Bd7 15. Qd2 Nf5 16. Bg5 h6 17. Bxf6 Bxf6 18. Ne4 Bg7 19. g4 Nh4 20. f4 Qc7 21. Nf2 1/2-1/2

[Event "Pyramiden Franken Cup"]
[Site "Fuerth"]
[Date "2016.09.04"]
[Round "6"]
[White "Balhar, Michael"]
[Black "Friedel, Roland"]
[Result "1/2-1/2"]
[WhiteElo "1769"]
[BlackElo "1651"]
[PlyCount "62"]
[EventDate "2016.09.01"]
[EventType "swiss"]
[EventRounds "7"]
[EventCountry "GER"]
[SourceTitle "CBM 174 Extra"]
[Source "ChessBase"]
[SourceDate "2016.10.10"]
[SourceVersion "1"]
[SourceVersionDate "2016.10.10"]
[SourceQuality "1"]

1. e4 e6 2. d4 d5 3. Nc3 dxe4 4. Nxe4 Bd7 5. Nf3 Bc6 6. Bd3 Nd7 7. Qe2 Ngf6 8. Neg5 Qe7 9. 0-0 h6 10. Ne4 Nxe4 11. Bxe4 Bxe4 12. Qxe4 c6 13. c4 Nf6 14. Qc2 Qc7 15. Re1 Be7 16. a3 0-0 17. b4 Rad8 18. Bb2 Rfe8 19. Rad1 a6 20. Qb3 Nd7 21. d5 exd5 22. cxd5 cxd5 23. Rxd5 Bf6 24. Rc1 Qb6 25. Rcd1 Bxb2 26. Rxd7 Rxd7 27. Rxd7 Qe6 28. Qxe6 Rxe6 29. Rxb7 Bxa3 30. g3 Re4 31. b5 axb5 1/2-1/2

[Event "Pyramiden Franken Cup"]
[Site "Fuerth"]
[Date "2016.09.01"]
[Round "1"]
[White "Pfadenhauer, Johannes"]
[Black "Balhar, Michael"]
[Result "1-0"]
[WhiteElo "2061"]
[BlackElo "1769"]
[PlyCount "61"]
[EventDate "2016.09.01"]
[EventType "swiss"]
[EventRounds "7"]
[EventCountry "GER"]
[SourceTitle "CBM 174 Extra"]
[Source "ChessBase"]
[SourceDate "2016.10.10"]
[SourceVersion "1"]
[SourceVersionDate "2016.10.10"]
[SourceQuality "1"]

1. d4 d5 2. c4 dxc4 3. e3 Nf6 4. Bxc4 a6 5. Nf3 e6 6. 0-0 c5 7. e4 cxd4 8. e5 Nd5 9. Bg5 Be7 10. Bxe7 Nxe7 11. Nbd2 Nbc6 12. Qe2 Ng6 13. Qe4 0-0 14. Rfe1 Bd7 15. Rad1 Rc8 16. h4 h6 17. h5 Nge7 18. Bd3 f5 19. exf6 Rxf6 20. Qh7+ Kf8 21. Ne4 Rxf3 22. gxf3 Nf5 23. Ng3 Qg5 24. Bxf5 exf5 25. Qg6 f4 26. Qxg5 hxg5 27. Ne4 g4 28. Nd6 Rc7 29. Re4 gxf3 30. Rde1 Nb4 31. Re8+ 1-0

[Event "Mittelfranken-ch HT"]
[Site "Nuremberg"]
[Date "2016.03.24"]
[Round "6"]
[White "Boehme, Markus"]
[Black "Balhar, Michael"]
[Result "1-0"]
[WhiteElo "1937"]
[BlackElo "1795"]
[PlyCount "101"]
[EventDate "2016.03.22"]
[EventType "swiss"]
[EventRounds "9"]
[EventCountry "GER"]
[SourceTitle "EXT 2018"]
[Source "ChessBase"]
[SourceDate "2017.10.13"]
[SourceVersion "1"]
[SourceVersionDate "2017.10.13"]
[SourceQuality "1"]

1. d4 d5 2. c4 dxc4 3. Nf3 Nf6 4. e3 Bg4 5. Bxc4 e6 6. 0-0 Be7 7. Nc3 Nc6 8. Qa4 0-0 9. Be2 Bh5 10. a3 a6 11. Rd1 b5 12. Qb3 Bg6 13. Bd3 Bxd3 14. Rxd3 Na5 15. Qc2 Nc4 16. Ne5 Bd6 17. Nxc4 Bxh2+ 18. Kxh2 bxc4 19. Rd1 Ng4+ 20. Kg3 Qg5 21. f4 Qh5 22. Qe2 f5 23. Bd2 Qh2+ 24. Kf3 Qh5 25. Rh1 Ne5+ 26. Kf2 Nd3+ 27. Kg1 Qxe2 28. Nxe2 Nxb2 29. Kf2 Nd3+ 30. Kf3 Rab8 31. Rhb1 Rb6 32. Ba5 Rb5 33. Bxc7 Rc8 34. Rxb5 axb5 35. Bd6 c3 36. Nc1 Nb2 37. Bc5 Nc4 38. Nb3 Ra8 39. Ke2 Nb2 40. Rc1 Na4 41. Bb4 Kf7 42. Nc5 Nb2 43. Rxc3 Nc4 44. Nb7 Nb6 45. Nd6+ Kg6 46. Nxb5 Nd5 47. Rc2 Rb8 48. Rc5 Rb6 49. Nc7 Nf6 50. d5 exd5 51. Nxd5 1-0

[Event "Mittelfranken-ch HT"]
[Site "Nuremberg"]
[Date "2016.03.22"]
[Round "2"]
[White "Link, Andreas"]
[Black "Balhar, Michael"]
[Result "1-0"]
[WhiteElo "1972"]
[BlackElo "1795"]
[PlyCount "105"]
[EventDate "2016.03.22"]
[EventType "swiss"]
[EventRounds "9"]
[EventCountry "GER"]
[SourceTitle "EXT 2018"]
[Source "ChessBase"]
[SourceDate "2017.10.13"]
[SourceVersion "1"]
[SourceVersionDate "2017.10.13"]
[SourceQuality "1"]

1. e4 e5 2. Nf3 Nc6 3. Bb5 a6 4. Ba4 Nf6 5. 0-0 d6 6. Qe2 b5 7. Bb3 Be7 8. c3 0-0 9. h3 Nb8 10. a4 Bb7 11. d3 c5 12. Rd1 Nbd7 13. Nbd2 Re8 14. Nf1 Bf8 15. Ng3 d5 16. Bg5 Qc7 17. Nh4 h6 18. Bd2 c4 19. dxc4 dxc4 20. Bc2 g6 21. axb5 axb5 22. b4 Rxa1 23. Rxa1 Ra8 24. Rxa8 Bxa8 25. Be3 Qd6 26. Qf1 Bg7 27. Qa1 Qb8 28. Qa5 Bc6 29. f3 Ne8 30. Ne2 Kh7 31. g4 Bf6 32. Ng2 Bd8 33. Qa1 Bb6 34. Kh2 Bxe3 35. Nxe3 Qb6 36. Qc1 Bb7 37. Kg2 Qe6 38. Ng3 Nef6 39. Qd2 Ne8 40. h4 Qd6 41. Qxd6 Nxd6 42. Ne2 f5 43. exf5 e4 44. fxg6+ Kxg6 45. f4 Nf6 46. f5+ Kg7 47. Kg3 h5 48. g5 Nd7 49. Kf4 Nb6 50. Ng3 Na4 51. Nxh5+ Kf7 52. g6+ Kg8 53. Nd1 1-0

[Event "Mittelfranken-ch HT"]
[Site "Nuremberg"]
[Date "2015.04.03"]
[Round "8"]
[White "Link, Andreas"]
[Black "Balhar, Michael"]
[Result "1-0"]
[WhiteElo "1983"]
[BlackElo "1779"]
[PlyCount "37"]
[EventDate "2015.03.31"]
[EventType "swiss"]
[EventRounds "9"]
[EventCountry "GER"]
[SourceTitle "EXT 2016"]
[Source "ChessBase"]
[SourceDate "2015.10.08"]
[SourceVersion "1"]
[SourceVersionDate "2015.10.08"]
[SourceQuality "1"]

1. e4 e5 2. Nf3 Nf6 3. Nxe5 Qe7 4. d4 d6 5. Nf3 Nxe4 6. Be2 d5 7. 0-0 Bg4 8. c4 c6 9. Nc3 Qc7 10. cxd5 Nxc3 11. bxc3 cxd5 12. Re1 Be7 13. Qb3 Be6 14. Rb1 b6 15. Bb5+ Kf8 16. Ng5 Bxg5 17. Bxg5 Nd7 18. c4 dxc4 19. Qf3 1-0

[Event "Mittelfranken-ch HT"]
[Site "Nuremberg"]
[Date "2015.04.01"]
[Round "4"]
[White "Balhar, Michael"]
[Black "Kotz, Reinhard"]
[Result "1/2-1/2"]
[WhiteElo "1779"]
[BlackElo "2163"]
[PlyCount "56"]
[EventDate "2015.03.31"]
[EventType "swiss"]
[EventRounds "9"]
[EventCountry "GER"]
[SourceTitle "EXT 2016"]
[Source "ChessBase"]
[SourceDate "2015.10.08"]
[SourceVersion "1"]
[SourceVersionDate "2015.10.08"]
[SourceQuality "1"]

1. e4 Nf6 2. e5 Nd5 3. d4 d6 4. c4 Nb6 5. exd6 exd6 6. Nc3 Be7 7. Bd3 Nc6 8. Nge2 Bg4 9. f3 Bh4+ 10. g3 Bxf3 11. 0-0 Bxe2 12. Qxe2+ Be7 13. b3 Nxd4 14. Qf2 Bf6 15. Ne4 Ne6 16. Bb2 Nd7 17. Nxf6+ gxf6 18. Bxf6 Qxf6 19. Qxf6 Nxf6 20. Rxf6 Ke7 21. Raf1 Raf8 22. Rh6 Nc5 23. Bc2 Nd7 24. Rxh7 Rxh7 25. Bxh7 Ne5 26. h4 Rh8 27. Be4 c6 28. Kg2 a5 1/2-1/2

[Event "Forchheim op-B 13th"]
[Site "Forchheim"]
[Date "2014.10.04"]
[Round "4"]
[White "Balhar, Michael"]
[Black "Varga, Gabriel Vlad"]
[Result "1/2-1/2"]
[WhiteElo "1725"]
[BlackElo "1946"]
[PlyCount "32"]
[EventDate "2014.10.03"]
[EventType "swiss"]
[EventRounds "5"]
[EventCountry "GER"]
[SourceTitle "EXT 2019"]
[Source "ChessBase"]
[SourceDate "2018.10.10"]
[SourceVersion "1"]
[SourceVersionDate "2018.10.10"]
[SourceQuality "1"]

1. e4 c5 2. Nf3 d6 3. Bb5+ Bd7 4. Bxd7+ Qxd7 5. 0-0 Nc6 6. c3 Nf6 7. Re1 e5 8. d4 g6 9. Na3 Rc8 10. dxe5 dxe5 11. Bg5 Qe6 12. Qd3 a6 13. Qc4 Qxc4 14. Nxc4 Nd7 15. Rad1 Be7 16. Bxe7 Kxe7 1/2-1/2

[Event "Forchheim op-B 13th"]
[Site "Forchheim"]
[Date "2014.10.04"]
[Round "3"]
[White "Krammer, Werner"]
[Black "Balhar, Michael"]
[Result "0-1"]
[WhiteElo "1529"]
[BlackElo "1725"]
[PlyCount "80"]
[EventDate "2014.10.03"]
[EventType "swiss"]
[EventRounds "5"]
[EventCountry "GER"]
[SourceTitle "EXT 2019"]
[Source "ChessBase"]
[SourceDate "2018.10.10"]
[SourceVersion "1"]
[SourceVersionDate "2018.10.10"]
[SourceQuality "1"]

1. e4 c5 2. Nf3 e6 3. d4 cxd4 4. Nxd4 a6 5. Be2 Nf6 6. Bg5 Qa5+ 7. Bd2 Qb6 8. Nb3 Nxe4 9. Be3 Qc7 10. 0-0 b5 11. N1d2 Bb7 12. Bf3 Nf6 13. Rc1 Bxf3 14. Qxf3 Qc6 15. Qg3 d5 16. Nd4 Qd7 17. f4 g6 18. N2f3 Nc6 19. c3 Ne4 20. Qh4 Bg7 21. g4 h5 22. f5 gxf5 23. gxf5 e5 24. Nxc6 Qxc6 25. Qe1 Bf6 26. Rc2 Rg8+ 27. Rg2 Ke7 28. Qe2 Nd6 29. Bf4 Rxg2+ 30. Kxg2 Rg8+ 31. Kh3 e4 32. Nd4 Bxd4 33. cxd4 Qc4 34. Bxd6+ Kxd6 35. Qf2 Qd3+ 36. Kh4 e3 37. Qf4+ Kd7 38. Rf3 Rg4+ 39. Qxg4 hxg4 40. Kxg4 Qxd4+ 0-1

[Event "Pyramiden Franken Cup"]
[Site "Fuerth"]
[Date "2014.09.07"]
[Round "6"]
[White "Balhar, Michael"]
[Black "Meulner, Klaus"]
[Result "0-1"]
[WhiteElo "1725"]
[BlackElo "2114"]
[PlyCount "58"]
[EventDate "2014.09.04"]
[EventType "swiss"]
[EventRounds "7"]
[EventCountry "GER"]
[SourceTitle "CBM 162 Extra"]
[Source "ChessBase"]
[SourceDate "2014.10.17"]
[SourceVersion "1"]
[SourceVersionDate "2014.10.17"]
[SourceQuality "1"]

1. e4 d6 2. d4 Nf6 3. Nc3 c6 4. f4 Qa5 5. Bd3 e5 6. Nf3 exd4 7. Nxd4 Qb6 8. Nf3 Na6 9. Na4 Qa5+ 10. c3 b5 11. b4 Nxb4 12. Nb2 Nxd3+ 13. Qxd3 d5 14. exd5 Nxd5 15. Bd2 Qa3 16. Nd1 Be7 17. 0-0 0-0 18. Ne5 Bb7 19. Kh1 Rad8 20. Qf5 Qd6 21. c4 Nf6 22. Ba5 Rde8 23. Ne3 Qa3 24. Bc7 Qxe3 25. Rfe1 Qc5 26. cxb5 cxb5 27. Rac1 Qd5 28. Rc2 Rc8 29. Qh3 Bd6 0-1

[Event "Pyramiden Franken Cup"]
[Site "Fuerth"]
[Date "2014.09.05"]
[Round "3"]
[White "Bildt, Thomas"]
[Black "Balhar, Michael"]
[Result "0-1"]
[WhiteElo "2032"]
[BlackElo "1725"]
[PlyCount "66"]
[EventDate "2014.09.04"]
[EventType "swiss"]
[EventRounds "7"]
[EventCountry "GER"]
[SourceTitle "CBM 162 Extra"]
[Source "ChessBase"]
[SourceDate "2014.10.17"]
[SourceVersion "1"]
[SourceVersionDate "2014.10.17"]
[SourceQuality "1"]

1. e4 d5 2. d4 dxe4 3. Nc3 Nf6 4. f3 exf3 5. Nxf3 Bg4 6. Bc4 e6 7. 0-0 Be7 8. Ne2 0-0 9. Qe1 c5 10. Be3 cxd4 11. Nfxd4 Qc7 12. Bd3 Nc6 13. Nxc6 Qxc6 14. Nd4 Qd5 15. c4 Qd7 16. Qh4 h5 17. Qf2 e5 18. Nf5 Qxd3 19. Nxe7+ Kh8 20. h3 Ne4 21. Qe1 Be2 22. Rf3 Bxf3 23. gxf3 Nf6 24. Rd1 Qxc4 25. Rd6 Rad8 26. b3 Qc7 27. Rxf6 Qxe7 28. Rf5 g6 29. Rg5 Qd7 30. Qh4 Qd1+ 31. Kg2 Rd2+ 32. Bxd2 Qxd2+ 33. Qf2 Qxg5+ 0-1